000 01395nam a2200217Ia 4500
003 Ost
005 20260507074907.0
008 260507s9999||||xx |||||||||||||| ||und||
040 _cfsecg
041 _aara
082 _a940.55
100 _aالإمام، محمد محمود
_eمؤلف
245 0 _aتطور الأطر المؤسسية للإتحاد الأوربي :
_bالدروس المستفادة للتكامل العربي /
_c محمد محمود الإمام
260 _aالقاهرة:
_bمنشورات المنظمة العربية للتنمية الإدارية,
_c1998
300 _a365 صفحة؛
_bإيضاحات ؛
_c24 سم
490 _aسلسلة بحوث ودراسات
_v349
520 _aالخلفية النظرية والعملية للتكامل الإقليمي الأروبي، الأبعاد المؤسسية للصيغ الأوروبي، الأبعاد المؤسسية للتنظيمات القطاعية، الجماعة الأوروبية، الأجهزة العاملة في المجالات المالية والنقدية، الأجهزة الخاصة بالسياسات الجماعية والصناديق الهيكلية، مغزى التجربة التكاملية الأوروبية بالنسبة الى التكامل العربي
653 _aالإتحاد الاوروبي
653 _aالتكامل العربي
942 _cكتاب
999 _c41704
_d41704